000 00424nam a2200145Ia 4500
008 240729s9999 xx 000 0 und d
022 _a2350-0298
245 0 _aInternational Journal of Advanced Medical and Health Research
260 _aIndia
260 _bWolters Kluwer Medknow Publications
650 _aMedicine
856 _uhttps://doaj.org/toc/910f247e6b38464e99cba0f26d130abb
942 _2ddc
942 _cDOAJEJ
999 _c70307
_d70307
945 _a1
_bMadushi Gamage
_c1
_dMadushi Gamage